|
|
|
|
| LEADER |
00000nab a2200000u 4500 |
| 001 |
vtls011896621 |
| 003 |
SK-MaSNL |
| 005 |
20260304181228.0 |
| 008 |
191028|2019 xo ||||||| || ||slo| |
| 038 |
|
|
|a KEVKJB
|
| 040 |
|
|
|a KEVKJB
|b slo
|c KEVKJB
|e rda
|
| 041 |
0 |
|
|a slo
|
| 043 |
|
|
|a e-xo---
|
| 044 |
|
|
|a xo
|c SK
|
| 072 |
|
7 |
|a 821.162.4
|x Slovenská literatúra
|2 konspekt
|
| 080 |
|
|
|a 821.162.4
|2 2011
|
| 100 |
1 |
|
|a Podracká, Dana,
|d 1954-
|4 aut
|9 212520
|
| 245 |
1 |
0 |
|a Pútnička
|c Dana Podracká
|
| 300 |
|
|
|b Fotografia
|
| 336 |
|
|
|a text
|b txt
|2 rdacontent
|
| 337 |
|
|
|a bez média
|b n
|2 rdamedia
|
| 338 |
|
|
|a zväzok
|b nc
|2 rdacarrier
|
| 600 |
1 |
7 |
|a Džunková, Katarína,
|d 1987-
|t Pútnické impresie Európou a Ruskom. Blogy z ciest
|2 kevkjb
|9 1511284
|
| 650 |
0 |
7 |
|a slovenská literatúra
|2 SNKPH
|9 1115
|
| 650 |
0 |
7 |
|a cestopisy
|2 SNKPHbucl
|9 186227
|
| 650 |
0 |
7 |
|a eseje
|2 SNKPH
|9 144629
|
| 651 |
|
7 |
|a Košice (Slovensko)
|2 kevkjb
|9 18694
|
| 655 |
|
7 |
|a recenzie
|2 SNKPH
|9 21907
|
| 773 |
0 |
|
|t Knižná revue
|g Roč. XXIX., č. 10 (2019), s. 25
|x 1210-1982
|
| 787 |
0 |
8 |
|i Recenzia:
|a Džunková, Katarína
|t Pútnické impresie Európou a Ruskom : blogy z ciest
|d Bratislava : VSSS, 2019
|
| 852 |
|
|
|a KEVKJB
|b KIS3GCP
|
| 958 |
|
|
|a RC
|
| 999 |
|
|
|c 3022650
|d 3024580
|